000
00221 a2200097 4500
001
23072
100
_a
Carroll, J M
245
_a
Design Manual for Transistor Circuits
260
_a
_b
McGraw
_c
1961
090
_c
15614
_d
15614
942
_a
NUST-CAE
_c
M
_c
6241
999
_c
258145
_d
258145